| Tag |
First Indicator |
Second Indicator |
Subfields |
| LEADER |
00000cas a2200000u 4500 |
| 001 |
in00001406450 |
| 005 |
20151020072705.0 |
| 008 |
800505d19uu1958enkuu f0 0eng d |
| 035 |
|
|
|a (OCoLC)32561460
|
| 035 |
|
|
|9 AHQ3387AM
|
| 040 |
|
|
|a CAI
|c CAI
|d OCL
|d TXA
|d UtOrBLW
|
| 049 |
|
|
|a TXAE
|
| 090 |
|
|
|a TK9001
|b .I337
|
| 130 |
0 |
|
|a IGD-R (Series)
|
| 245 |
1 |
0 |
|a IGD-R /
|c United Kingdom Atomic Energy Authority, Industrial Group.
|
| 264 |
|
1 |
|a Risley, Warrington, Lancashire :
|b Th Group.
|
| 336 |
|
|
|a text
|b txt
|2 rdacontent
|
| 337 |
|
|
|a unmediated
|b n
|2 rdamedia
|
| 338 |
|
|
|a volume
|b nc
|2 rdacarrier
|
| 500 |
|
|
|a Each issue has a distinctive title.
|
| 500 |
|
|
|a Description based on: 1 (1958).
|
| 650 |
|
0 |
|a Nuclear energy
|v Periodicals.
|
| 710 |
2 |
|
|a United Kingdom Atomic Energy Authority.
|b Industrial Group.
|
| 948 |
|
|
|a C:JS/BS
|
| 999 |
|
|
|a MARS
|
| 999 |
f |
f |
|s 5dc1320a-d72e-3903-82fc-db02efeaaddc
|i 2806f29b-73d9-3461-bac3-acc312802645
|t 0
|
| 952 |
f |
f |
|p ric
|a Texas A&M University
|b Rellis Campus
|c Joint Library Facility
|d Remote Storage
|t 0
|e TK9001 .I337
|h Library of Congress classification
|i unmediated -- volume
|k 1
|m A14824968586
|
| 998 |
f |
f |
|a TK9001 .I337
|s no.1
|t 0
|l Remote Storage
|